000 00341nam a2200145Ia 4500
008 230917s9999||||xx |||||||||||||| ||und||
040 _e28178
_aMAIN
041 _aEnglish
082 _a783 K113M
100 _aDas, G N
245 0 _aMystic songs of Kabir
260 _aDelhi
_bAbhinav publications
_c1996
300 _a124 p.
942 _cBK
999 _c97419
_d97419